Statistiques concernant Buteurs serbo-monténégrins en Coupe du Monde

Cliquez ici pour prendre le quiz!

Statistiques générales

  • Ce quiz a été pris 4 fois
  • Le résultat moyen est 3 sur 6

Statistiques - réponses

Nombre de butsClubNom du joueur% Correct
1Nagoya Grampus EightDragan Stojković
75%
1GalatasaraySaša Ilić
75%
1Red Star BelgradeNikola Žigić
50%
1Real MadridPredrag Mijatović
50%
1Sampdoria GênesSiniša Mihajlović
50%
2MSV DuisbourgSlobodan Komljenović
25%

Distribution des résultats

Percentile par nombre de réponses

% des personnes avec chaque résultat

Votre développement - résultats

Vous n’avez pas pris ce quiz